Statistics for Countries that Border Countries that start with C

Click here to take the quiz!

General Stats

  • This quiz has been taken 34 times
  • The average score is 44 of 51

Answer Stats

Answer% Correct
Dem. Rep. Congo
100%
Laos
100%
Vietnam
100%
Brazil
97%
Niger
97%
Rep. Congo
97%
Russia
97%
Thailand
97%
United States
97%
Venezuela
97%
Ecuador
93%
Mongolia
93%
Nepal
93%
Nigeria
93%
North Korea
93%
Panama
93%
Bhutan
90%
Bolivia
90%
Ghana
90%
India
90%
Myanmar
90%
Peru
90%
Slovakia
90%
Argentina
86%
Chad
86%
Germany
86%
Nicaragua
86%
Slovenia
86%
Bosnia and Herzegovina
83%
Burkina Faso
83%
Equatorial Guinea
83%
Gabon
83%
Hungary
83%
Mali
83%
Montenegro
83%
Serbia
83%
Austria
79%
Central African Rep.
79%
Kazakhstan
79%
Pakistan
79%
South Sudan
79%
Sudan
79%
Tajikistan
79%
Guinea
76%
Kyrgyzstan
76%
Poland
76%
Afghanistan
72%
Liberia
72%
Libya
72%
Cameroon
59%
United Kingdom
59%

Score Distribution

Percentile by Number Answered

Percent of People with Each Score

Your Score History

You have not taken this quiz